000 00459nam a22001577a 4500
003 OSt
005 20151101144148.0
008 151101b xxu||||| |||| 00| 0 eng d
040 _cRUA
082 _aFOR វ៉ាន់ 1991 B116 Or.1
100 _93146
_aវ៉ាន់ សារ៉េត
245 _aផ្សារលក់ឈើមូលនៅកម្ពុជា
260 _aPhnom Penh
_bRUA
_c1991
300 _a64p.
_bill.
_c29cm.
942 _2ddc
_cFOR
999 _c2935
_d2935